1023 1470 1514 1318 1374 1449 1307 1365 1073 1381 1406 1051 1240 1188 1478 1426 1951 1900 1393 1713 1982 1132 1534 1583 1858 1837 1507 1578 1924 1738 1680 1902 1059 1094 1019 1219 1969 1290 1849 1110 1838 1969 1836 1091 1313 1160 1993 1623 1865 1505 1523 1886 1074 1995 1048 1628 1052 1230 1144 1648 1151 1450 1871 1195 1789 1619 1424 1803 1679 1421 1902 1613 1647 1843 1165 1248 1298 1459 1770 1905 1355 1870 1027 1278 1470 1433 1749 1325 1890 1187 1658 1371 1132 1126 1486 1461 1554 1621 1003 BCNSPRNW ULIB Ver.6.0+V

เปลี่ยนเป็นภาษาไทย

Change to English
 แสดงรายละเอียดบรรณานุกรม
  กลับหน้าหลัก

Brief Record : Get Marc (ISO 2709) : E-mail record : QR code < ปิดหน้าต่าง
LEADER : 00000nam 2200000uu 4500
001    13399126170
003     ULIB
008    020711s2539 th a 000 0 tha d
020    ^a9746351095
060    วจ^aWY157^bน455ก
100    ^aนาถสุภางค์ ไกรอาบ
245    ^aการรับรู้และการปฏิบัติจริตามบทบาทพยาบาลของพยาบาลวิชาชีพในห้องคลอด โรงพยาบาลชุมชนภาคตะวันออก
260    ^aกรุงเทพฯ :^bจุฬาลงกรณ์มหาวิทยาลัย,^c2539
650    ^aห้องคลอด
650    ^aพยาบาล
710    ^aจุฬาลงกรณ์มหาวิทยาลัย
945    ^p0^l0^i004283
999    ^aประนอม เกษจรัล
รายการนี้ยังไม่มีแท็ก
คุณยังไม่ได้ล็อกอิน คุณสามารถมีกิจกรรมร่วมกับเว็บไซต์ได้ แต่ต้องล็อกอินก่อน ::
  ล็อกอิน

รายการสื่อสารสนเทศ

ลำดับที่ ประเภท เลขเรียก/บาร์โค้ด สถานที่ สถานะ
1. งานวิจัย
งานวิจัย
วจ WY157 น455ก ฉ.1 
  Barcode: 004283
ห้องสมุดวิทยาเขตสวรรค์ประชารักษ์
►หนังสือทั่วไป
บนชั้น

รายการใกล้เคียง
    หัวเรื่อง [ห้องคลอด]
    หัวเรื่อง [พยาบาล]

BibComment


ยังไม่เคยถูกคอมเมนท์

คอมเมนท์ทรัพยากรรายการนี้
  คอมเมนท์: การรับรู้และการป..


 Copyright 2026. Bcnsprnw @Library